[Event "4ème Open International des Sables d'Olo"]
[Site "Les Sables d'Olonne ; France"]
[Date "2017.07.19"]
[Round "6.8"]
[White "Redondo Arguelles, Graciela"]
[Black "Koziak, Vitali"]
[Result "0-1"]
[WhiteElo "2015"]
[BlackElo "2510"]
[PlyCount "70"]
[EventDate "2017.??.??"]

1. e4 c5 2. c3 Nf6 3. d3 Nc6 4. Nf3 e5 5. Be2 d5 6. Nbd2 Be7 7. O-O O-O 8. a3
Qc7 9. Qc2 Rd8 10. b4 a6 11. Bb2 b5 12. Rfe1 Bb7 13. bxc5 Bxc5 14. exd5 Nxd5
15. d4 Bd6 16. Bd3 h6 17. c4 bxc4 18. Bxc4 Nxd4 19. Qd3 Nf4 20. Qc3 Bxf3 21.
Nxf3 Nxf3+ 22. gxf3 Qe7 23. Kh1 Rac8 24. Qb3 Rxc4 25. Qxc4 Qb7 26. Qe4 Qxb2 27.
Qe3 Re8 28. a4 Re6 29. Rab1 Qc2 30. Rbc1 Qxa4 31. Rc8+ Kh7 32. Qa7 Qb3 33. Qa8
e4 34. Rh8+ Kg6 35. Rg1+ Kh5 0-1

[Event "4ème Open International des Sables d'Olo"]
[Site "Les Sables d'Olonne ; France"]
[Date "2017.07.19"]
[Round "6.9"]
[White "Delabbey, Florian"]
[Black "Legky, Nikolay A"]
[Result "1/2-1/2"]
[WhiteElo "1964"]
[BlackElo "2443"]
[PlyCount "56"]
[EventDate "2017.??.??"]

1. e4 Nf6 2. e5 Nd5 3. d4 Nb6 4. Nf3 d5 5. exd6 cxd6 6. c4 g6 7. Be2 Bg7 8. O-O
O-O 9. b3 Nc6 10. Bb2 Bg4 11. Nbd2 d5 12. Ne5 Bxe2 13. Qxe2 Rc8 14. Nxc6 Rxc6
15. c5 Nd7 16. Nf3 Re8 17. b4 b6 18. Qa6 Rc7 19. Rac1 bxc5 20. bxc5 Nxc5 21.
Rxc5 Rxc5 22. dxc5 Bxb2 23. Qxa7 Qa8 24. Qd7 Bf6 25. c6 Rd8 26. Qb7 Rb8 27. Qd7
Rd8 28. Qb7 Rb8 1/2-1/2

[Event "4ème Open International des Sables d'Olo"]
[Site "Les Sables d'Olonne ; France"]
[Date "2017.07.19"]
[Round "6.10"]
[White "Treguer, Pierig"]
[Black "Dijkhuis, Tycho"]
[Result "0-1"]
[WhiteElo "1951"]
[BlackElo "2417"]
[PlyCount "98"]
[EventDate "2017.??.??"]

1. e4 c5 2. Nf3 d6 3. Bb5+ Nd7 4. O-O a6 5. Bxd7+ Bxd7 6. d4 cxd4 7. Qxd4 e5 8.
Qd1 h6 9. Nc3 Nf6 10. Re1 Be7 11. a4 O-O 12. a5 Qc7 13. Be3 Rac8 14. Qd3 Be6
15. Bb6 Qc6 16. Nd2 Bd8 17. Bxd8 Rfxd8 18. Nf1 b5 19. axb6 Qxb6 20. Reb1 d5 21.
exd5 Nxd5 22. Nxd5 Bxd5 23. Qxa6 Qxa6 24. Rxa6 Rxc2 25. Ne3 Rd2 26. Nxd5 R8xd5
27. h4 Re2 28. Rf1 Rdd2 29. Ra3 Rxb2 30. Re3 Rxe3 31. fxe3 f6 32. h5 Re2 33.
Rf3 Kf7 34. Kh2 e4 35. Rg3 Rf2 36. Kh3 Rf5 37. Kh4 Rf2 38. Kh3 Rf1 39. Kh4 f5
40. Rh3 Kf6 41. Rh2 f4 42. exf4 Rxf4+ 43. Kg3 Rf1 44. Kg4 e3 45. g3 Rf2 46. Rh1
e2 47. Re1 Ke5 48. Kh3 Ke4 49. g4 Ke3 0-1

[Event "4Ã¨me Open International des Sables d'Ol"]
[Site "Les Sables d'Olonne ; France"]
[Date "2017.07.19"]
[Round "7.2"]
[White "Cotonnec, Melkior"]
[Black "Bailet, Pierre"]
[Result "1/2-1/2"]
[WhiteElo "2320"]
[BlackElo "2525"]
[PlyCount "98"]
[EventDate "2017.??.??"]
[WhiteTeam "C.E. de Rueil Malmaison"]
[BlackTeam "Vandoeuvre-Echecs"]

1. e4 e5 2. Nc3 Nf6 3. Bc4 Nc6 4. d3 Na5 5. Nf3 d6 6. h3 Be7 7. a3 Nxc4 8. dxc4
O-O 9. Qd3 b6 10. Be3 Bb7 11. g4 a6 12. Nd2 c6 13. O-O-O Qc7 14. f4 Rfd8 15.
fxe5 dxe5 16. Qe2 Nd7 17. Qf2 Bc5 18. Nf1 a5 19. Ng3 Ba6 20. Nf5 Bxc4 21. h4
Bxe3+ 22. Qxe3 Nf8 23. h5 Rxd1+ 24. Nxd1 Ne6 25. g5 Qd8 26. Rg1 Nd4 27. Nc3
Nxf5 28. exf5 Qd4 29. Qg3 Rd8 30. Rd1 Qf4+ 31. Qxf4 Rxd1+ 32. Kxd1 exf4 33. Ke1
Ba6 34. Ne4 f3 35. Kf2 Be2 36. Nc3 Kf8 37. Nxe2 fxe2 38. Kxe2 Ke7 39. Ke3 f6
40. h6 gxh6 41. gxh6 Kd6 42. Kd4 Kc7 43. b4 axb4 44. axb4 Kd6 45. c4 c5+ 46.
bxc5+ bxc5+ 47. Ke4 Kc6 48. Kf4 Kd6 49. Ke4 Kc6 1/2-1/2

[Event "4Ã¨me Open International des Sables d'Ol"]
[Site "Les Sables d'Olonne ; France"]
[Date "2017.07.19"]
[Round "7.3"]
[White "Devallee, Jeremie"]
[Black "Inkiov, Ventzislav"]
[Result "0-1"]
[WhiteElo "2261"]
[BlackElo "2459"]
[Annotator "jeanluc"]
[PlyCount "94"]
[EventDate "2017.??.??"]
[WhiteTeam "Chartres Metropole Echecs"]
[BlackTeam "Poitiers-Migne Echecs"]

1. e4 c5 2. d4 cxd4 3. c3 d3 4. Bxd3 Nc6 5. c4 g6 6. Nf3 Bg7 7. O-O d6 8. h3
Nf6 9. Nc3 O-O 10. Be3 Nd7 11. Rc1 Nde5 12. Be2 Nxf3+ 13. Bxf3 f5 14. exf5 gxf5
15. Qd2 Ne5 16. Bd5+ e6 17. f4 exd5 18. fxe5 dxe5 19. Qxd5+ Qxd5 20. Nxd5 Rf7
21. Rfd1 Be6 22. b3 f4 23. Bf2 e4 24. Bd4 Raf8 25. Rc3 e3 26. Bxg7 Rxg7 27. Kh2
h5 28. Rf1 Rf5 29. Rxf4 Bxd5 30. Rxf5 Rxg2+ 31. Kh1 Bc6 32. Rd5 Rg3 33. Kh2 h4
34. Rc2 {(=)} Bxd5 35. cxd5 Kf7 36. Rc4 Rg5 37. Rxh4 Re5 38. Rf4+ Ke7 39. Rf1
Kd6 40. Kg3 Kxd5 41. Kf3 Rh5 42. Rh1 Kd4 43. Rd1+ Kc3 44. Rh1 Kd2 45. Rh2+ Kd3
46. h4 Rf5+ 47. Kg4 Rf1 0-1

[Event "4Ã¨me Open International des Sables d'Olo"]
[Site "Les Sables d'Olonne ; France"]
[Date "2017.07.19"]
[Round "7.4"]
[White "Bogdanov, Egor"]
[Black "Haub, Thorsten Michael"]
[Result "1/2-1/2"]
[WhiteElo "2292"]
[BlackElo "2414"]
[PlyCount "43"]
[EventDate "2017.??.??"]

1. e4 g6 2. d4 Bg7 3. Nf3 d6 4. Bc4 Nf6 5. Nc3 O-O 6. Bb3 Bg4 7. h3 Bxf3 8.
Qxf3 Nc6 9. Be3 Nd7 10. O-O-O e5 11. dxe5 Ndxe5 12. Qe2 Na5 13. f4 Nxb3+ 14.
axb3 Nc6 15. e5 Re8 16. Rhe1 Rc8 17. Qb5 Rb8 18. Bf2 Bh6 19. Be3 Bg7 20. Bf2
Bh6 21. Be3 Bg7 22. Bf2 1/2-1/2

[Event "4Ã¨me Open International des Sables d'Olo"]
[Site "Les Sables d'Olonne ; France"]
[Date "2017.07.19"]
[Round "7.5"]
[White "Tirard, Hugo"]
[Black "Hernandez Moya, Yuleisy"]
[Result "1/2-1/2"]
[WhiteElo "2404"]
[BlackElo "2256"]
[PlyCount "42"]
[EventDate "2017.??.??"]

1. e4 c5 2. Nf3 e6 3. d3 d5 4. Qe2 Nc6 5. g3 Nf6 6. Bg2 Be7 7. O-O O-O 8. e5
Nd7 9. c4 d4 10. h4 f5 11. exf6 Nxf6 12. Nbd2 Qc7 13. Ng5 e5 14. Nde4 Bf5 15.
Nxf6+ Bxf6 16. g4 Bxg5 17. Bxg5 Bd7 18. Rae1 Rae8 19. Be4 Nd8 20. Bxd8 Qxd8 21.
Bxb7 Qxh4 1/2-1/2

[Event "4Ã¨me Open International des Sables d'Ol"]
[Site "Les Sables d'Olonne ; France"]
[Date "2017.07.19"]
[Round "7.6"]
[White "Koziak, Vitali"]
[Black "Lucas, Arthur"]
[Result "1-0"]
[WhiteElo "2510"]
[BlackElo "2079"]
[PlyCount "131"]
[EventDate "2017.??.??"]
[WhiteTeam "C.E. de  Bois-Colombes"]
[BlackTeam "Echiquier Bleu Roi"]

1. d4 Nf6 2. c4 c5 3. d5 e6 4. Nc3 exd5 5. cxd5 d6 6. e4 g6 7. Nf3 Bg7 8. Bd3
O-O 9. h3 b5 10. Bxb5 Nxe4 11. Nxe4 Qa5+ 12. Nfd2 Qxb5 13. Nxd6 Qa6 14. N2c4
Nd7 15. O-O Ne5 16. Nxe5 Qxd6 17. Nc4 Qd7 18. Be3 Ba6 19. Rc1 Rfd8 20. d6 Bxc4
21. Rxc4 Qxd6 22. Qxd6 Rxd6 23. b3 Bd4 24. Rd1 Rad8 25. Bxd4 cxd4 26. Rd3 Kg7
27. Kf1 Kf6 28. Rf3+ Ke6 29. Ke2 f5 30. Rd3 Ke5 31. Rd1 Ra6 32. Rd2 Rad6 33.
Kd3 R8d7 34. Rdc2 h6 35. Ra4 Rd5 36. Ra6 R5d6 37. Rc5+ Kf4 38. Rcc6 Rxc6 39.
Rxc6 Kg5 40. b4 Re7 41. Rc2 Kf4 42. a4 Rd7 43. Rc6 Kg5 44. b5 Re7 45. Rc2 Re1
46. Rc7 Rd1+ 47. Ke2 Rb1 48. Rxa7 Kf4 49. Kd3 Ke5 50. Ra6 Rb3+ 51. Kc2 Rc3+ 52.
Kd2 Ra3 53. b6 Ra2+ 54. Kd3 Ra3+ 55. Kc4 Rc3+ 56. Kb4 Rc1 57. Ra5+ Ke4 58. Rb5
d3 59. b7 d2 60. b8=Q Rb1+ 61. Ka5 Rxb5+ 62. axb5 d1=Q 63. Qe8+ Kd3 64. Qd7+
Ke2 65. Qxd1+ Kxd1 66. b6 1-0

[Event "4Ã¨me Open International des Sables d'Olo"]
[Site "Les Sables d'Olonne ; France"]
[Date "2017.07.19"]
[Round "7.7"]
[White "Dijkhuis, Tycho"]
[Black "Dalaud, Dorian"]
[Result "1-0"]
[WhiteElo "2417"]
[BlackElo "1937"]
[PlyCount "69"]
[EventDate "2017.??.??"]

1. e4 c5 2. Nf3 d6 3. Bb5+ Nd7 4. d4 cxd4 5. Qxd4 Ngf6 6. O-O g6 7. e5 dxe5 8.
Qxe5 a6 9. Bxd7+ Bxd7 10. Bg5 Bg7 11. Re1 O-O 12. Qxe7 Qxe7 13. Rxe7 Ne4 14.
Nbd2 Nxg5 15. Rxd7 Bxb2 16. Rb1 Nxf3+ 17. Nxf3 Bg7 18. Rbxb7 Rac8 19. Ne1 Rc4
20. a3 Bc3 21. Nd3 Ba5 22. Rd5 Bd2 23. Rb6 Ra4 24. Nb2 Re4 25. g3 Bc1 26. Nd3
Rc8 27. Rxa6 Rxc2 28. Rd7 Bg5 29. Ra8+ Kg7 30. Raa7 Rd2 31. Rxf7+ Kg8 32. Rg7+
Kh8 33. Rxh7+ Kg8 34. Rhd7 Kf8 35. Ra6 1-0

[Event "4Ã¨me Open International des Sables d'Olo"]
[Site "Les Sables d'Olonne ; France"]
[Date "2017.07.19"]
[Round "7.8"]
[White "Colin, Vincent"]
[Black "Batteux, Mickael"]
[Result "1-0"]
[WhiteElo "2373"]
[BlackElo "2076"]
[PlyCount "101"]
[EventDate "2017.??.??"]

1. d4 Nf6 2. Bf4 e6 3. e3 Be7 4. Nd2 O-O 5. Bd3 c5 6. c3 d6 7. Ngf3 Nc6 8. dxc5
e5 9. cxd6 exf4 10. dxe7 Nxe7 11. Nf1 Qb6 12. Qb3 Qc7 13. Qc4 Qb6 14. Qb5 Qc7
15. Qe5 Qb6 16. Qb5 Qc7 17. exf4 Qxf4 18. Ne3 Nc6 19. O-O Bd7 20. Qc4 Qc7 21.
Rad1 Be6 22. Qh4 h6 23. Bc4 Rfe8 24. Rfe1 Bxc4 25. Nxc4 b5 26. Rxe8+ Rxe8 27.
Ne3 b4 28. cxb4 Re4 29. Qg3 Qxg3 30. hxg3 Rxb4 31. b3 Ne4 32. Rc1 Na5 33. Kf1
Nd6 34. Ne5 Nab7 35. Nc6 Rb5 36. Nc4 a5 37. Nxd6 Nxd6 38. Rd1 Ne4 39. Rd5 Rb6
40. Nxa5 Nc3 41. Rd8+ Kh7 42. a4 Rf6 43. Rd4 Rf5 44. Nc4 Rh5 45. f3 Rh1+ 46.
Kf2 Rb1 47. Nd2 Rb2 48. Ke3 Nb1 49. Nxb1 Rxb3+ 50. Rd3 Rxb1 51. Ra3 1-0

[Event "4Ã¨me Open International des Sables d'Olo"]
[Site "Les Sables d'Olonne ; France"]
[Date "2017.07.19"]
[Round "7.9"]
[White "Ashanina, Olga"]
[Black "Eugene, Floryan"]
[Result "0-1"]
[WhiteElo "2018"]
[BlackElo "2193"]
[PlyCount "90"]
[EventDate "2017.??.??"]

1. e4 e5 2. Nf3 Nc6 3. Bb5 a6 4. Ba4 Nf6 5. O-O Be7 6. Re1 b5 7. Bb3 O-O 8. c3
d6 9. d3 Bb7 10. Nbd2 d5 11. a4 d4 12. Nf1 Nd7 13. axb5 axb5 14. Rxa8 Bxa8 15.
Bd5 Bf6 16. Ng3 Nb6 17. Bxc6 Bxc6 18. cxd4 exd4 19. e5 Bxf3 20. gxf3 Be7 21. f4
f5 22. Qc2 g6 23. Bd2 Qd7 24. Ba5 Nd5 25. Qb3 c6 26. Bd2 Qe6 27. Qc2 Ra8 28.
Rc1 c5 29. Ne2 Nb6 30. b4 Ra2 31. Qd1 Qd5 32. bxc5 Bxc5 33. Ra1 Rxa1 34. Qxa1
Qb3 35. Nxd4 Qxd3 36. Qa2+ Nc4 37. Qa8+ Kg7 38. Ne6+ Kh6 39. Nxc5 Qb1+ 40. Kg2
Nxd2 41. Qd5 Qf1+ 42. Kg3 Qd1 43. Kg2 Qg4+ 44. Kh1 Nf3 45. Qd1 Qh3 0-1

[Event "4Ã¨me Open International des Sables d'Ol"]
[Site "Les Sables d'Olonne ; France"]
[Date "2017.07.19"]
[Round "7.10"]
[White "Kibleur, Christophe"]
[Black "Wahiche, Geoffrey"]
[Result "0-1"]
[WhiteElo "2008"]
[BlackElo "2083"]
[Annotator "jeanluc"]
[PlyCount "90"]
[EventDate "2017.??.??"]

1. b3 e5 2. Bb2 Nc6 3. e3 Nf6 4. Bb5 e4 5. Ne2 a6 6. Bxc6 dxc6 7. h3 Bd6 8. O-O
O-O 9. f3 exf3 10. Rxf3 Nd7 11. d4 f5 12. Nd2 Qg5 13. Qf1 Nf6 14. Nf4 {(=)} Bd7
15. Qd3 Nd5 16. Raf1 Rae8 17. c4 Nxe3 18. Rxe3 Bxf4 19. Rxe8 Rxe8 20. Nf3 Qg3
21. Bc1 Bxc1 22. Rxc1 f4 23. Ne5 Qxd3 24. Nxd3 Re2 25. Nxf4 Rxa2 26. Re1 {(=)}
Kf7 27. Nd3 Ra3 28. Re3 Kf8 29. Nc5 Bc8 30. Kf2 b6 31. Ne4 h6 32. g4 a5 33. Kf3
a4 34. bxa4 Rxa4 35. Rc3 Be6 36. Nd2 Ra1 37. c5 Bd5+ 38. Ke2 Rh1 39. Rg3 bxc5
40. dxc5 Rc1 41. Ra3 Rxc5 42. Ra8+ Ke7 43. Kd3 Rc1 44. Ne4 Re1 45. Kd4 Rd1+ 0-1

[Event "4Ã¨me Open International des Sables d'Olo"]
[Site "Les Sables d'Olonne ; France"]
[Date "2017.07.19"]
[Round "7.11"]
[White "Legky, Nikolay A"]
[Black "Larand, Manuel"]
[Result "1-0"]
[WhiteElo "2443"]
[BlackElo "1948"]
[PlyCount "57"]
[EventDate "2017.??.??"]

1. b3 c5 2. Bb2 Nc6 3. Nf3 Nf6 4. e3 e6 5. c4 Be7 6. d4 cxd4 7. exd4 d5 8. Bd3
Nb4 9. Be2 O-O 10. O-O Ne4 11. Nbd2 f5 12. Ne5 Nc6 13. Nxc6 bxc6 14. Nf3 Bd6
15. Ne5 Qh4 16. f3 Ng5 17. Qe1 Qxe1 18. Rfxe1 Bxe5 19. dxe5 a5 20. Rac1 Bd7 21.
Ba3 Rfe8 22. Bc5 Nf7 23. f4 Nd6 24. Kf2 Kf7 25. Ke3 Nb7 26. Ba3 Rec8 27. Red1
g6 28. g4 a4 29. b4 1-0